| 000 | 00556nam a2200181Ia 4500 | ||
|---|---|---|---|
| 999 |
_c35057 _d35057 |
||
| 003 | OSt | ||
| 005 | 20201016093631.0 | ||
| 008 | 190216s9999||||xx |||||||||||||| ||und|| | ||
| 020 | _a9788182715455 | ||
| 040 | _coclc | ||
| 082 |
_a302.1409542 _bNAS/L |
||
| 100 |
_aNasar, M C A _95778 |
||
| 245 | 0 |
_aLiberhan Ayodhya Commission Report / _cM C A Nasar ; Jaleel Pookottoor |
|
| 260 |
_bPratheeksha Publications, _c2010. _aCalicut: |
||
| 300 | _a243p | ||
| 650 | _aPolitics | ||
| 942 |
_cBK _2ddc _h302.1409542 _iNAS/L _k302.1409542 _mNAS/L |
||